Ekonomika a riadenie socialistického priemyslu praktikum

Gespeichert in:
Bibliographische Detailangaben
1. Verfasser: Čunderlík, Dušan
Körperschaft: Vysoká škola ekonomická v Bratislave. Fakulta ekonomiky a riadenia výrobných odvetví
Weitere Verfasser: Mešťánek, Jozef
Format: Buch
Sprache:Slowakisch
Veröffentlicht: Bratislava Vysoká škola ekonomická 1982
Tags: Tag hinzufügen
Keine Tags, Fügen Sie das erste Tag hinzu!

MARC

LEADER 00000nam a2200000 4500
001 c131629
005 20230116104554.4
041 0 |a slo 
044 |a SK 
245 1 0 |a Ekonomika a riadenie socialistického priemyslu  |b praktikum  |c Dušan Čunderlík, Jozef Mešťánek 
264 1 |a Bratislava  |b Vysoká škola ekonomická  |c 1982 
300 |a 164 s. 
100 1 |a Čunderlík, Dušan 
700 1 |a Mešťánek, Jozef 
710 2 |a Vysoká škola ekonomická v Bratislave. Fakulta ekonomiky a riadenia výrobných odvetví